Historia verdadera de la conquista de la nueva España / Bernal Diaz Del Castillo (Registro nro. 40828)
[ vista simple ]
| 000 -LÍDER | |
|---|---|
| Campo fijo de descripción fija | 003910000a22001450004500 |
| 020 ## - NÚMERO INTERNACIONAL NORMALIZADO PARA LIBROS | |
| Número Internacional Normalizado del libro | 968-432-480-4 |
| 041 0# - CÓDIGO DE IDIOMA | |
| Código de idioma para texto/pista de sonido o título separado | |
| 082 04 - NÚMERO DE CLASIFICACIÓN DECIMAL DEWEY | |
| Número de clasificación | G 972.802 D277h |
| 001 - NÚMERO DE CONTROL | |
| Campo de control | 11596 |
| 100 1# - ASIENTO PRINCIPAL--NOMBRE PERSONAL | |
| Nombre personal | Díaz del Castillo, Bernal (1492-1581?) |
| 245 10 - TÍTULO | |
| Título del Material | Historia verdadera de la conquista de la nueva España / Bernal Diaz Del Castillo |
| 260 ## - PUBLICACIÓN, DISTRIBUCIÓN, ETC. (PIE DE IMPRENTA) | |
| Lugar de publicación, distribución, etc. | México D.F. : Porrúa |
| 300 ## - DESCRIPCIÓN FÍSICA | |
| Extensión | 700 Pag |
| 942 ## - TIPO DE MATERIAL (KOHA) | |
| Tipo de Item KOHA | Libros General |
| Estado de Material | Estado de Perdido | Estado de Dañado | No para Préstamo | Colección | Tomo | Biblioteca de Origen | Biblioteca Permanente | Fecha de Adquisición | Total de Préstamos | Signatura Topográfica | Código de Barras | Última vez visto | Ejemplar/Existencia | Fecha de Remplazo | Tipo de Material |
|---|---|---|---|---|---|---|---|---|---|---|---|---|---|---|---|
| Colección General | Biblioteca FUSBC | Biblioteca FUSBC | 27/01/2005 | G 972.802 D277h | 10955 | 12/12/2019 | 1 | 26/01/2016 | Libros General |
